Campeões da UEFA Euro - Statistics

Estatísticas Gerais
  • Esse quiz foi jogado 211 vezes
    102 desde o último reset
  • A pontuação média é 16 de 17
Estatísticas das Respostas
Edição Campeão % Correto
1964 Espanha
100%
2008 Espanha
100%
2012 Espanha
100%
2024 Espanha
100%
2016 Portugal
100%
1968 Itália
98%
2020 Itália
98%
1996 Alemanha
95%
1972 Alemanha Ocidental
95%
1980 Alemanha Ocidental
95%
1984 França
92%
2000 França
92%
2004 Grécia
89%
1988 Países Baixos
88%
1960 União Soviética
80%
1992 Dinamarca
78%
1976 Tchecoslováquia
53%
Nenhum quiz correspondente encontrado
Distribuição das Pontuações
Porcentagem de Pessoas com Cada Pontuação
Percentil de Números Respondidos
Sua Pontuação Histórica
Você não jogou esse quiz desde o último reset